000 00373nam a22001457a 4500
020 _a9788120315280
040 _cNust
082 _a005.44
_bKUO
100 _aPeter Kuo
_9125766
245 _aSpecial Edition Using Unix
250 _a3rd Edition
260 _aNew Delhi:
_bPrentice-Hall India,
_c1998.
650 _aSpecial Edition Using Unix
_9125767
942 _2ddc
_cBK
999 _c611461
_d611461